| 000 | 00770nam a22002537a 4500 | ||
|---|---|---|---|
| 005 | 20140313100407.0 | ||
| 008 | 131216b xxu||||| |||| 00| 0 eng d | ||
| 020 | _a9780071739924 | ||
| 050 |
_aHF 5549.5.M3 _b.D45 2011 |
||
| 100 | _aDeLong, David. | ||
| 245 |
_aThe executive guide to high-impact talent management / _cDavid DeLong, Steve Trautman. |
||
| 260 |
_aNew York : _bMcGraw-Hill, _c2011. |
||
| 300 |
_a286 p. ; _c24 cm. |
||
| 504 | _aIncludes bibliographical references and index. | ||
| 521 | _aBSBA | ||
| 650 | _aManpower planning. | ||
| 650 | _aPersonnel management. | ||
| 650 |
_aHuman capital _xManagement. |
||
| 650 | _aExecutive ability. | ||
| 700 | _aTrautman, Steve. | ||
| 942 |
_2lcc _cBK _kFOR |
||
| 999 |
_c25792 _d25792 |
||